Podminky činnosti profesionálních a amatérských umělců

Guardado en:
Detalles Bibliográficos
Autor principal: Janská, Stanislava
Otros Autores: Chyba, Miloš
Formato: Libro
Lenguaje:checo
Publicado: Praha Ústav pro výzkum kultury 1986
Etiquetas: Agregar Etiqueta
Sin Etiquetas, Sea el primero en etiquetar este registro!

MARC

LEADER 00000nam a2200000 4500
001 c029144
005 20251111085444.3
041 0 |a cze 
044 |a CZ 
245 1 0 |a Podminky činnosti profesionálních a amatérských umělců  |c Stanislava Janská, Miloš Chyba 
264 1 |a Praha  |b Ústav pro výzkum kultury  |c 1986 
300 |a 193 s. 
100 1 |a Janská, Stanislava 
700 1 |a Chyba, Miloš